00462 2200181 4500245006100000020001800061250001100079100001700090700001800107700001800125650001700143005001900160260003100179041001400210084001300224300003400237336000900271 aThe Adventure of Yoshito Sama Vol. 4cHaruka, ShiihText a9786022107040 aCet. 1 aHaruka, Shii aNanda Andyina aAswini Rosita aKomik Jepang a20230904102948 aJakartabPT Gramediac2012 aIndonesia a741.5592 a... jil. :bilus. ;c17,5 cm. atext